Pohon Kenangan / (Record no. 201617)

MARC details
000 -LEADER
fixed length control field 00940nam a2200277 ia4500
003 - CONTROL NUMBER IDENTIFIER
control field OSt
005 - DATE AND TIME OF LATEST TRANSACTION
control field 20251118153111.0
008 - FIXED-LENGTH DATA ELEMENTS--GENERAL INFORMATION
fixed length control field 251118s2024 my a jd 000 1 may d
020 ## - INTERNATIONAL STANDARD BOOK NUMBER
International Standard Book Number 9789672435075
Terms of availability RM 25.00
Qualifying information paperback
040 ## - CATALOGING SOURCE
Original cataloging agency PPAK
Language of cataloging eng
Transcribing agency PPAK
Description conventions rda
082 04 - DEWEY DECIMAL CLASSIFICATION NUMBER
Edition number 23
Classification number 899.2333
090 00 - LOCALLY ASSIGNED LC-TYPE CALL NUMBER (OCLC); LOCAL CALL NUMBER (RLIN)
Classification number (OCLC) (R) ; Classification number, CALL (RLIN) (NR) 899.2333
Feature heading EMI
Feature heading K
100 0# - MAIN ENTRY--PERSONAL NAME
Personal name Emila Yusof,
Dates associated with a name 1969-
Relator term author,
-- illustrator.
245 10 - TITLE STATEMENT
Title Pohon Kenangan /
Statement of responsibility, etc. Emila Yusof ; Hak Cipta Teks/Ilustrator: Emila Yusof ; Editor: Zalila Isa
264 #1 - PRODUCTION, PUBLICATION, DISTRIBUTION, MANUFACTURE, AND COPYRIGHT NOTICE
Place of production, publication, distribution, manufacture Johor Bahru, Johor :
Name of producer, publisher, distributor, manufacturer Dua Penulis PLT,
Date of production, publication, distribution, manufacture, or copyright notice [2024]
300 ## - PHYSICAL DESCRIPTION
Extent 1 volume (unpaged) :
Other physical details colour illustrations ;
Dimensions 26 cm
336 ## - CONTENT TYPE
Content type term text
Source rdacontent
337 ## - MEDIA TYPE
Media type term unmediated
Source rdamedia
338 ## - CARRIER TYPE
Carrier type term volume
Source rdacarrier
490 1# - SERIES STATEMENT
Series statement SIRI NOSTALGIA
650 14 - SUBJECT ADDED ENTRY--TOPICAL TERM
Topical term or geographic name entry element Stories in rhyme, Malay
Topical term or geographic name entry element Children's stories, Malay
700 0# - ADDED ENTRY--PERSONAL NAME
Personal name Zalila Isa,
Relator term editor.
830 #0 - SERIES ADDED ENTRY--UNIFORM TITLE
Uniform title Siri nostalgia
942 ## - ADDED ENTRY ELEMENTS (KOHA)
Source of classification or shelving scheme Dewey Decimal Classification
Koha item type Book
Holdings
Withdrawn Not for loan Current library Shelving location Date acquired Total Checkouts Full call number Barcode Date last seen Koha item type
    Perpustakaan Alor Setar Pinjaman Kanak-kanak 20/11/2025   K 899.2333 EMI A01883727 20/11/2025 Book
    Perpustakaan Awam Sungai Petani Pinjaman Kanak-kanak 20/11/2025   K 899.2333 EMI A01883728 20/11/2025 Book
    Perpustakaan Baling Pinjaman Kanak-kanak 20/11/2025   K 899.2333 EMI A01883732 20/11/2025 Book
    Perpustakaan Bandar Baharu Pinjaman Kanak-kanak 20/11/2025   K 899.2333 EMI A01883733 20/11/2025 Book
    Perpustakaan Jitra Pinjaman Kanak-kanak 20/11/2025   K 899.2333 EMI A01883729 20/11/2025 Book
    Perpustakaan Kuala Nerang Pinjaman Kanak-kanak 20/11/2025   K 899.2333 EMI A01883737 20/11/2025 Book
    Perpustakaan Kulim Pinjaman Kanak-kanak 20/11/2025   K 899.2333 EMI A01883731 20/11/2025 Book
    Perpustakaan Langkawi Pinjaman Kanak-kanak 20/11/2025   K 899.2333 EMI A01883730 20/11/2025 Book
    Perpustakaan Merbok Pinjaman Kanak-kanak 20/11/2025   K 899.2333 EMI A01883734 20/11/2025 Book
    Perpustakaan Pendang Pinjaman Kanak-kanak 20/11/2025   K 899.2333 EMI A01883738 20/11/2025 Book
    Perpustakaan Sik Pinjaman Kanak-kanak 20/11/2025   K 899.2333 EMI A01883736 20/11/2025 Book
    Perpustakaan Yan Pinjaman Kanak-kanak 20/11/2025   K 899.2333 EMI A01883735 20/11/2025 Book